00553nam a2200181 a 4500001001300000003000900013005001700022008004100039020002500080082001300105100002200118245007700140260004400217300000900261500003500270505005000305650001600355nice12345678IN_TiNIC20260116014730.0050524s1999 mica grp 000 0 eng  a0802813 c474.500a236bBAU aBauckham, Richard aHope Against Hopeb Chsristian Eschatology at the Turn of the Millennium aMichiganbWilliam B.Eerdmans Pub c1999 a233p aincludes index and biblioraphy2 aNotes, Index of Personal Names, Subject Index aEschatology